Statistics for Most Common English Words A-Z

Click here to take the quiz!

General Stats

  • This quiz has been taken 62 times
    (60 since last reset)
  • The average score is 15 of 25

Answer Stats

LetterAnswer% Correct
Bbe
98%
Ddo
94%
Aand
92%
Ggo
92%
Ccan
90%
Ffor
85%
Iin
85%
Yyou
83%
Tthe
75%
Nnot
73%
Oof
71%
Mmy
67%
Hhave
65%
Jjust
62%
Uup
56%
Llike
44%
Kknow
42%
Ssay
42%
Eeven
35%
Vvery
31%
Wwith
27%
Qquestion
23%
Ppeople
17%
Zzone
8%
Rreally
6%

Score Distribution

Percentile by Number Answered

Percent of People with Each Score

Your Score History

You have not taken this quiz since the last reset